000 00738nam a2200241Ia 4500
008 161112s9999 xx 000 0 und d
020 _a971-27-1696-1
050 _aCUL TX 724.5
050 _b.P5S73 2006
100 _aSta. Maria, Felice Prudente.
245 4 _aThe Governor-general's kitchen :
245 0 _bPhilippine culinary vignettes and period recipes, 1521-1395 /
245 0 _cFelice Prudente Sta. maria.
260 _aManila :
260 _bAnvil Publishing Inc.,
260 _c2006
300 _a318 pages :
300 _billustrations ;
300 _c29 cm.
500 _aIncludes bibliographical references and index.
650 _aCooking, Philippines.
650 _xPhilippines -- social life and customs.
999 _c305203
_d305203